Most Expensive Football(Soccer) Transfers of Season 2021/22 - Statistics

General Stats
  • This quiz has been taken 645 times
    567 since last reset
  • The average score is 19 of 25
Answer Stats
# Fee Nat. Left Joined Answer % Correct
1 £105.75m England Aston Villa Manchester City Jack Grealish
98%
2 £101.70m Belgium Inter Milan Chelsea Romelu Lukaku
98%
5 £59.85m Morocco Inter Milan Paris Saint-Germain Achraf Hakimi
97%
3 £76.50m England Borussia Dortmund Manchester United Jadon Sancho
96%
4 £73.44m Serbia Fiorentina Juventus Dusan Vlahovic
92%
8 £40.50m Colombia FC Porto Liverpool Luis Díaz
91%
15 £31.50m Norway Real Madrid Arsenal Martin Ødegaard
86%
11 £36.00m France Real Madrid Manchester United Raphaël Varane
86%
7 £49.50m Spain Manchester City Barcelona Ferran Torres
85%
9 £38.25m France RB Leipzig Bayern Munich Dayot Upamecano
82%
19 £27.90m France Stade Rennais Real Madrid Eduardo Camavinga
81%
11 £36.00m France RB Leipzig Liverpool Ibrahima Konaté
81%
11 £36.00m England Chelsea AS Roma Tammy Abraham
81%
6 £52.65m England Brighton Arsenal Ben White
79%
10 £37.89m Brazil Olympique Lyon Newcastle United Bruno Guimarães
76%
18 £28.80m Jamaica Bayer Leverkusen Aston Villa Leon Bailey
75%
15 £31.50m Argentina Udinese Atlético Madrid Rodrigo de Paul
70%
20 £27.00m Netherlands PSV Eindhoven Borussia Dortmund Donyell Malen
68%
15 £31.50m France Chelsea West Ham United Kurt Zouma
66%
14 £34.56m Argentina Norwich City Aston Villa Emiliano Buendía
61%
20 £27.00m New Zealand Burnley Newcastle United Chris Wood
58%
20 £27.00m Zambia RB Salzburg Leicester City Patson Daka
58%
20 £27.00m France Everton Aston Villa Lucas Digne
52%
25 £26.48m England Southampton Aston Villa Danny Ings
43%
20 £27.00m Croatia CSKA Moscow West Ham United Nikola Vlasic
41%
No matching quizzes found
Score Distribution
Percent of People with Each Score
Percentile by Number Answered
Your Score History
You have not taken this quiz since the last reset